Entry Personal Name
Number of records used in: 1
001 - CONTROL NUMBER
003 - CONTROL NUMBER IDENTIFIER
005 - DATE AND TIME OF LATEST TRANSACTION
- control field:
20200118135708.0
008 - FIXED-LENGTH DATA ELEMENTS
- fixed length control field:
070910n| acannaabn |a aaa
010 ## - LIBRARY OF CONGRESS CONTROL NUMBER
- LC control number:
n 2007064718
040 ## - CATALOGING SOURCE
- Original cataloging agency:
DLC
- Language of cataloging:
eng
- Transcribing agency:
DLC
100 1# - HEADING--PERSONAL NAME
- Personal name:
Goldstein, Susan Meyer
400 1# - SEE FROM TRACING--PERSONAL NAME
- Personal name:
Meyer Goldstein, Susan
670 ## - SOURCE DATA FOUND
- Source citation:
Schroeder, Roger G. Operations management, 2008:
- Information found:
e-CIP t.p. (Susan Meyer Goldstein; U. of MN, Carlson School of Management)